000 00536nmm a2200169Ia 4500
008 251105s9999||||xx |||||||||||||||||und||
020 _a9789587380590
041 _aspa
100 _aQuinche Ramírez, Manuel Fernando
245 0 _aDerecho Constitucional colombiano de la Carta de 1991 y sus reformas
264 _a[Bogotá, Colombia] :
_bUniversidad del Rosario,
_c2009
300 _a818 páginas
490 _aTextos de Jurisprudencia
650 _aLaw
856 _uhttps://public.digitaliapublishing.com/a/14773
942 _cCF
999 _c95661
_d95661